Най-добрата демокрация, която може да се купи с пари (Запис номер 106919)
[ съкратено ]
| 000 -Лидер | |
|---|---|
| Контролно поле с фиксирана дължина | 02389nam a2200469 c 4500 |
| 003 - Код на организацията, давaща контролен номер | |
| Контролно поле | BLK |
| 005 - Дата и час на последна редакция | |
| Контролно поле | 20250228005530.0 |
| 008 - Елементи от данни с фиксирана дължина | |
| fixed length control field | 180409b bul|||||r ||||||| ||bul|| |
| 010 ## - Наследен системен номер | |
| LC control number | KNG00112188000 |
| 020 ## - Международен стандартен номер на книга ISBN | |
| Международен стандартен номер на книга ISBN | 954-9994-28-7 |
| -- | издат.: Дилок |
| 040 ## - Източник на каталожния запис | |
| Идентификатор на билиотеката - собственик на записа | BLK |
| 041 ## - Код за език | |
| Код за езика на текст/звукозапис или на отделно заглавие | Български |
| Код за езика КДБФ | Български |
| 080 ## - УДК | |
| Текстов определител УДК | Корупция |
| УДК код - определител по УДК | 328.185 |
| УДК определител | (73) |
| УДК - код + определител | 328.185(73) |
| 080 ## - УДК | |
| Текстов определител УДК | Корпорации |
| УДК код - определител по УДК | 334.784 |
| УДК определител | (73) |
| УДК - код + определител | 334.784(73) |
| 080 ## - УДК | |
| Текстов определител УДК | Международни икономически отношения. Външностопанска политика. Световно стопанство |
| УДК код - определител по УДК | 339.9 |
| УДК определител | |
| УДК - код + определител | 339.9 |
| 100 1# - Редна дума - Автор | |
| Автор | Паласт, Грег |
| Авторска отговорност | първи автор |
| R(LIN) | 105726 |
| 139 ## - Редно поле | |
| Редна дума | Паласт, Грег |
| Авторски знак | Пал - П 15 |
| 245 10 - Сведения за заглавието | |
| Заглавие | Най-добрата демокрация, която може да се купи с пари |
| Подзаглавни данни | Разследващ репортер разобличава истината за глобализацията, корпоративните далавери и големите финансови мошеници |
| Редно поле (дума) | Грег Паласт; прев. от англ. Людмила Маринова Андреева; ред. Димитър Козарев. |
| 257 ## - Страна на издаване | |
| Страна на създаване/издаване | Съединени американски щати |
| 260 ## - Област на издателските данни | |
| -- | с. Божурище, Софийско |
| Име на издателя, разпространителя и проч. | Дилок |
| Година на издаване | 2004 |
| Печатница | София : Изток-Запад |
| 300 ## - Физическа характеристика | |
| Страници | 465 с. |
| Илюстрации и др. | с ил., факс. |
| Размери/Мащаб | 22 см |
| 380 ## - Жанр | |
| Жанр | Обществени науки |
| 500 ## - Общи забележки | |
| Забележка | Ориг. загл. The best democracymoney can buy / Greg Palast. - Съдържа и За автора. - Азб. показалец. |
| 650 #4 - Допълнително описание по предмет – тема | |
| Основно описание – тема или топоним | САЩ - обществено устройство и обществени отношения |
| 9 (RLIN) | 254630 |
| 650 #0 - Допълнително описание по предмет – тема | |
| Основно описание – тема или топоним | Глобални проблеми на човечеството |
| 9 (RLIN) | 270201 |
| 650 #4 - Допълнително описание по предмет – тема | |
| Основно описание – тема или топоним | Корупция |
| 9 (RLIN) | 159504 |
| 650 #4 - Допълнително описание по предмет – тема | |
| Основно описание – тема или топоним | Корпорации |
| 9 (RLIN) | 159491 |
| 653 ## - Ключова дума – ненормативна | |
| Ключова дума | САЩ |
| 653 ## - Ключова дума – ненормативна | |
| Ключова дума | външна политика |
| 653 ## - Ключова дума – ненормативна | |
| Ключова дума | вътрешна политика |
| 653 ## - Ключова дума – ненормативна | |
| Ключова дума | финанси |
| 653 ## - Ключова дума – ненормативна | |
| Ключова дума | глобализация |
| 653 ## - Ключова дума – ненормативна | |
| Ключова дума | корупция |
| 700 1# - Други автори (авторска отговорност) | |
| Лично име | Андреева, Людмила Маринова |
| 9 (RLIN) | 365194 |
| 700 1# - Други автори (авторска отговорност) | |
| Лично име | Козарев, Димитър |
| Автороска отговорност (Описва отношението между автора и произведението) | ред. |
| 9 (RLIN) | 292248 |
| 852 ## - Местоположение | |
| Форматна сигнатура | Цб 218891 |
| 856 4# - Електронен адрес и достъп | |
| Електронен формат | pdf - файл |
| Път до файла /url/ | |
| 856 4# - Електронен адрес и достъп | |
| Електронен формат | pdf - файл |
| Път до файла /url/ | |
| 942 ## - АРТИКУЛИ | |
| Вид на библиотечния материал | Книги |
| Скрит в OPAC | Не |
| Koha issues (borrowed), all copies | 2 |
| 944 ## - СЪЗДАВАНЕ И РЕДАКЦИЯ на ЗАПИСА | |
| Създаване/Редакция | Създаване |
| Дата на регистрацията/редакция | 08.04.2004 |
| Служител, извършил регистрацията/редакцията | |
| Статус, дата на статуса | CRON CRON |
| 944 ## - СЪЗДАВАНЕ И РЕДАКЦИЯ на ЗАПИСА | |
| Създаване/Редакция | Редакция |
| Дата на регистрацията/редакция | 06.10.2005 |
| Служител, извършил регистрацията/редакцията | |
| 999 ## - СИСТЕМНИ КОНТРОЛНИ НОМЕРА | |
| Koha biblionumber | 106919 |
| Koha biblioitemnumber | 106919 |
| Код за отписване | Код за изгубен артикул | Код за повреда | Коз за рестрикции | Код за отдаване | Артикулен № | Име на библиотеката - собственик | Име на библиотеката, в която се намира в момента | Статус (Текущо местоположение) | Дата на вписване в системата | Местоположение - отдел | Цена в лева | Инвентарен номер | Систематично азбучна сигнатура | Баркод | Номер на екземпляра | Цена в евро | Служебна бележка | Служебен тип на артикула |
|---|---|---|---|---|---|---|---|---|---|---|---|---|---|---|---|---|---|---|
| Не е изгубен | Не е повреден | без рестрикции | заемане за дома | 172636 | Регионална библиотека "Любен Каравелов" Русе | Регионална библиотека "Любен Каравелов" Русе | Заемна - подръчен фонд | 2004-04-08 | Заемна - подръчен фонд | 14.00 | 120000684384 | П 328/П 15 | 120000684384 | 1 | 7.16 | Дост: Pk Вид: Ф N: 8869 Дата: 07.04.2004 Дата инв: 02.02.2018 Бележки инв: П2018 | Книги | |
| Не е изгубен | Не е повреден | без рестрикции | заемане за дома | 172637 | Регионална библиотека "Любен Каравелов" Русе | Регионална библиотека "Любен Каравелов" Русе | Заемна - подръчен фонд | 2004-05-28 | Заемна - подръчен фонд | 14.00 | 120000685727 | П 328/П 15 | 120000685727 | 2 | 7.16 | Дост: Pk Вид: Ф N: 8876 Дата: 26.05.2004 Дата инв: 02.02.2018 Бележки инв: П2018 | Книги | |
| Не е изгубен | Не е повреден | без рестрикции | ползва се в читалня | 172638 | Регионална библиотека "Любен Каравелов" Русе | Регионална библиотека "Любен Каравелов" Русе | Хранилище | 2005-09-20 | Хранилище | 14.00 | 120000696755 | Цб 218891 | 120000696755 | 3 | 7.16 | Дост: Dp Вид: Д N: 37 Дата: 01.09.2004 | Книги |